Theories of society: foundations of modern sociological theory
Saved in:
| Main Authors: | , , , |
|---|---|
| Format: | Bog |
| Sprog: | engelsk |
| Udgivet: |
Nueva York
Free Press
1965
|
| Fag: | |
| Tags: |
Tilføj Tag
Ingen Tags, Vær først til at tagge denne postø!
|
MARC
| LEADER | 00000nam a2200000 a 4500 | ||
|---|---|---|---|
| 001 | UCQ0308 | ||
| 003 | CL-VaPUC | ||
| 008 | 980627e19650000US |||||||||||||||||eng|d | ||
| 082 | 0 | 4 | |a 301 |b PAR |2 21 |
| 100 | |a Parsons, Talcott |e author |9 349443 | ||
| 700 | 0 | |a Shils, Edward A |e author |9 413512 | |
| 700 | 0 | |a Naegele, Kaspar D |e author |9 413513 | |
| 700 | 0 | |a Pitts, Jesse R |e author |9 413514 | |
| 245 | 1 | 0 | |a Theories of society: foundations of modern sociological theory |
| 300 | |a 1479 p | ||
| 942 | |c BK | ||
| 945 | |d 19980627 00:00:00 |a crobeson | ||
| 260 | |a Nueva York |b Free Press |c 1965 | ||
| 650 | 0 | |a Sociología |9 255410 | |
| 650 | 0 | |a Sociedad |9 307903 | |
| 650 | 7 | |a TEORIA DE LAS CIENCIAS SOCIALES |2 CL-VaPUC |9 413515 | |
| 650 | 7 | |a ESTRUCTURA SOCIAL |2 CL-VaPUC |9 413516 | |
| 650 | 0 | |a Cambio social |9 256857 | |
| 650 | 0 | |a Procesos sociales |9 337802 | |
| 650 | 0 | |a Interacción social |9 307764 | |
| 650 | 0 | |a Sistemas sociales |9 308361 | |
| 583 | |a last modification |c 19980627 00:00:00 |k Rodrigo Vera | ||
| 999 | |c 271447 |d 271445 | ||
| 952 | |0 0 |1 0 |4 0 |6 301_000000000000000_PAR_1965 |7 0 |8 A |9 306100 |a BIBENE |b BIBENE |d 2019-11-20 |i 142355K |o 301 PAR 1965 |p 142355K |r 2025-01-15 |w 2019-11-20 |y BK |k ICO | ||